00595nam a22001817a 4500003000500000005001700005008004100022040001900063082002400082100001800106245006100124250001200185260003600197300003200233538007600265650004600341856002600387Nust20170515113704.0140425b xxu||||| |||| 00| 0 eng d aDLCbDLCcRCMS 22nd Eda621.382 SKL aSklar,Bernard aDigital communications b Fundamentals and applications  a2nd,ed. aIndiabPearson Educationcc2001 axxiv ,1103,p:bill:c26,cm. iShelf # 15, Row # 1, Communication. Shelf # 15, Row # 2, Communication. a Telecommunications & Sensors/ Networking 3Table of Content Only